000 00502nam a2200193Ia 4500
005 20250317125553.0
008 008 250317s9999 xx 000 0 eng d
037 _aTextbook
040 _aFMSL
_beng
_cFMSL
041 _aeng
_2eng
084 _qFMSL
100 _aThuesen H G
245 0 _aEngineering Economy
250 _a3rd
260 _aNew Delhi
_bNew Delhi, Prentice-Hall Of India
_c1964
300 _a538p
942 _cTB
999 _c1260027
_d1260027